| 000 | 00670nam a2200217 a 4500 | ||
|---|---|---|---|
| 001 | 18036 | ||
| 003 | CO-ViMGA | ||
| 008 | 141112s2004 ck r 000 u spa d | ||
| 020 | _a8484425223 | ||
| 040 |
_aCO-ViMGA _bspa _cCO-ViMGA |
||
| 082 | 0 | 4 | _a321.8 D356 |
| 100 | 1 |
_aTornos Mas, Joaquín _925597 |
|
| 245 | 1 | 0 | _aDemocracia y medios de comunicación |
| 260 |
_aValencia (España), _cTirant lo blanch, _c2002 |
||
| 300 | _a230.p. | ||
| 590 | _aForma de adquisición : Premio - Mincultura | ||
| 650 | 1 | 4 |
_aCOMUNICACION EN Política _925598 |
| 650 | 1 | 4 |
_aMEDIOS DE COMUNICACION DE MASAS _920553 |
| 650 | 1 | 4 |
_aPolítica Y MEDIOS DE COMUNICACION _925599 |
| 942 |
_2ddc _cBK |
||
| 999 |
_c27413 _d27413 |
||